000 00220 a2200097 4500
001 22531
100 _aD'Azzo, J J
245 _aFeedback Control System Analysis
260 _a
_bMcGraw-Hill
_c1960
090 _c15200
_d15200
942 _aNUST-CAE
_cM
_c5782
999 _c257604
_d257604